| 000 | 00616nam a2200193Ia 4500 | ||
|---|---|---|---|
| 005 | 20250508155805.0 | ||
| 008 | 008 250505s9999 xx 000 0 eng d | ||
| 037 | _aDissertations | ||
| 040 |
_aFEDL _beng _cFEDL |
||
| 041 |
_aeng _2eng |
||
| 084 |
_a371.1472, SAN/DI _qFEDL |
||
| 100 | _aSantosh Kumar | ||
| 245 | 0 | _aInvestigation into the role of the principals of government higher secondary schools of New Delhi as supervisors | |
| 260 | _c1976 | ||
| 300 | _aiii,58p. | ||
| 546 | _aM. Ed. Dissertation (Delhi University) | ||
| 942 |
_cDIS _h371.1472, SAN/DI |
||
| 999 |
_c1359303 _d1359303 |
||